[Event "Hoogovens"]
[Site "Wijk aan Zee"]
[Date "1997.01.23"]
[Round "5"]
[White "Granda Zuniga, Julio E"]
[Black "Onischuk, Alexander"]
[Result "1/2-1/2"]
[WhiteElo "2620"]
[BlackElo "2580"]
[Annotator "Yudasin,L"]
[PlyCount "122"]
[EventDate "1997.01.18"]
[EventType "tourn"]
[EventRounds "13"]
[EventCountry "NED"]
[EventCategory "16"]
[SourceTitle "CBM 057"]
[Source "ChessBase"]
[SourceDate "1997.04.01"]
[SourceVersion "1"]
[SourceVersionDate "1997.04.01"]
[SourceQuality "1"]

1. d4 Nf6 2. c4 e6 3. Nf3 b6 4. Nc3 Bb4 5. e3 Bb7 6. Bd3 O-O 7. O-O d5 8. cxd5
exd5 9. Ne2 {Ng3-a3-b4-Bb2-Qc2 +/=} Nbd7 (9... Re8 $5) 10. b3 (10. a3 Bd6 11.
b4 a6 12. Qc2 Ne4 13. Ng3 $13) 10... Qe7 11. Bb2 Bd6 12. Ng3 g6 13. Rc1 Ne4 (
13... a6 $5 {with Ne4-f5}) 14. Bb5 $1 a6 (14... f5 15. Bxd7 Qxd7 16. Ne5 {
with f3+/=}) 15. Bc6 Bxc6 16. Rxc6 Rae8 17. Qe2 f5 (17... h5 $5 {-h4} 18. Rfc1
h4 19. Nxe4 dxe4 20. Ne5) 18. Rd1 f4 19. exf4 {[%tqu "En","please try to find
black's best move","","","e4g3","",5,"d6f4","",0]} Nxg3 $1 (19... Bxf4 20. Qc2
$14) 20. Qxe7 Ne2+ 21. Qxe2 Rxe2 22. Rd2 $8 Rxd2 23. Nxd2 Bxf4 24. Nf3 Bd6 25.
Kf1 (25. Ne5 Nb8 {with a5 and c5}) 25... Re8 26. g3 (26. Ne5 Nb8 $1) 26... a5
27. Bc1 Nb8 $1 28. Rc3 Na6 29. Bh6 Nb4 $1 30. a3 $8 Na6 31. a4 c5 32. Bd2 (32.
Be3 $5 {-h4!?}) 32... Nb4 (32... cxd4 33. Nxd4 Be5 {-Nc5=}) 33. Rc1 Nd3 34. Rb1
Bf8 35. Bc3 (35. Be3 Nb4) 35... Rc8 $1 36. dxc5 $1 Bxc5 37. Nd4 Ba3 (37... Rf8
$1 $11) 38. Nb5 Bc5 39. f3 (39. f4 Nf2 {-Ng4-Ne3}) 39... Bb4 (39... Rd8 $14)
40. Rd1 Nc5 41. Bxb4 axb4 42. Nd4 $8 $16 Kf7 43. h4 $1 (43. f4 Ne4) 43... Kf6
44. Re1 {Xe5} h5 45. Re3 Rd8 $1 {the idea is simply not to let the knight play
some move because black will immediately haved4-d3} 46. Kg2 Rc8 47. Kh3 Rd8 48.
g4 hxg4+ 49. fxg4 Rc8 50. g5+ $1 Kf7 51. Rf3+ (51. Re5 Nxb3) (51. Kg4 Ne4 $132)
51... Kg7 52. h5 $1 (52. Rf6 Re8 (52... Nxb3 53. Ne6+) 53. Rxb6 Re3+ 54. Kg2
Nxb3 55. Rxb4 Nxd4 56. Rxd4 Ra3 $11) 52... gxh5 53. Rf6 {threatening Nf5-Rh6
and Ne7 check winning the rook} Re8 $1 {witht the idea Nxb3} 54. Nf5+ (54. Rxb6
Re5) 54... Kg8 55. Rg6+ (55. Rxb6 Re5) 55... Kf7 56. Rxb6 Re6 $1 57. Rxb4 Kg6
58. Rb5 Ne4 (58... Nxb3 $4 59. Nh4+) 59. Nh4+ Kxg5 60. Rxd5+ Kf6 $1 {with the
idea Rb6} 61. a5 (61. Rxh5 Ng5+ {[%cal Ge6e2,Ge2e3]}) 61... Re5 $1 {and white
has nothing more than a draw since after RxR KxR black's king is close to
white's pawn and will take them and after Rd4 black has Ng5 check so 1/2-1/2}
1/2-1/2

[Event "St Petersburg op2"]
[Site "St Petersburg"]
[Date "1994.??.??"]
[Round "4"]
[White "Neverov, Valeriy"]
[Black "Zagrebelny, Sergey"]
[Result "0-1"]
[WhiteElo "2470"]
[BlackElo "2515"]
[Annotator "Zagrebelny,S"]
[PlyCount "64"]
[EventDate "1994.10.??"]
[EventType "swiss"]
[EventRounds "9"]
[EventCountry "RUS"]
[SourceTitle "CBM 043 Extra"]
[Source "ChessBase"]
[SourceDate "1995.01.01"]
[SourceVersion "1"]
[SourceVersionDate "1995.01.01"]
[SourceQuality "1"]

1. d4 Nf6 2. c4 e6 3. Nc3 Bb4 4. e3 b6 5. Bd3 Bb7 6. Nf3 O-O 7. O-O d5 8. a3
Bd6 9. b4 dxc4 10. Bxc4 Nbd7 11. Bb2 a5 12. b5 Ra7 $6 $146 (12... e5 13. Re1 e4
14. Nd2 Qe7 15. f4 exf3 16. gxf3 Rad8 17. Qe2 Rfe8 $15 {Huebner,R-Khalifman,A/
BRD/1991/0:1/42/}) 13. Re1 Qa8 14. Qe2 e5 (14... Ne4 $5 15. Nxe4 Bxe4 16. Ng5
$1 Bg6 (16... Bxg2 $2 17. e4 h6 18. Nxe6 $1 $18) 17. e4 $14) 15. e4 Re8 16.
Rad1 exd4 17. Nxd4 $5 (17. Rxd4 Re7 $5 $13) 17... Nxe4 $1 (17... Bxe4 $5 18.
Nxe4 Rxe4 (18... Qxe4 $2 19. Qxe4 Rxe4 20. Rxe4 Nxe4 21. Bd5 Nef6 22. Nc6 Ra8
23. Ne7+ $18)) 18. Bxf7+ (18. Qh5 Ne5 $1) (18. Nc6 Nef6 19. Bxf7+) (18. Nf5 $5
Ndf6 (18... Nef6 19. Qd2 Rxe1+ 20. Rxe1 Qf8 21. Qg5 Kh8 22. Nd5 Bxd5 23. Bxd5
$18) 19. Nxe4 Rxe4 20. Qd2 Rg4 (20... Rxc4 $2 21. Qg5 Rg4 22. Nh6+ $18) 21.
Bxf6 Bxg2 (21... Rxg2+ 22. Kf1 gxf6 23. Qa2 Qf8 24. Bxf7+ Qxf7 25. Re8+ Bf8 26.
Rdd8 $18) 22. Ng3 $8 Bh1 (22... gxf6 $5 23. Bd5 Bxd5 24. Qxd5 Rg6 $13)) 18...
Kxf7 19. Qc4+ Kf8 20. Nc6 (20. Nxe4 Bd5 $3 (20... Bxe4 21. Ne6+ Rxe6 22. Qxe6
Nc5 23. Qg4 Bg6 24. Qd4 $18) 21. Qc3 Bxe4 $13) 20... Nef6 21. Ne4 (21. Nd5 $5)
21... Bxc6 22. bxc6 Ne5 (22... Rxe4 $6 23. Rxe4 Nc5 24. Rh4 $40) 23. Bxe5 Rxe5
24. Nxf6 Rxe1+ (24... gxf6 25. Rxe5 fxe5 26. Rd3 $40) 25. Rxe1 gxf6 26. Re4 (
26. Qh4 $1 Be5 27. Rxe5 fxe5 28. Qf6+ $10) 26... f5 $1 (26... Kg7 27. Qe6 $18)
27. Re3 f4 28. Re6 Qd8 29. Qd4 $6 Ra8 30. Rf6+ Kg8 31. Qd5+ Kh8 32. Rf7 (32.
Qd4 Be5 $1 $19) 32... Qe8 $138 0-1